A PRACTICAL BOOK OF PHARMACEUTICAL QUALITY ASSURANCE -II (Record no. 280181)

MARC details
000 -LEADER
fixed length control field 00361pam a2200121a 44500
008 - FIXED-LENGTH DATA ELEMENTS--GENERAL INFORMATION
fixed length control field 230405s2021 xxu||||| |||| 00| 0 eng d
041 ## - LANGUAGE CODE
Language code of text/sound track or separate title ENG
100 ## - MAIN ENTRY--PERSONAL NAME
Personal name WAGH RAMAN / DR.RAGEEB USMAN
245 ## - TITLE STATEMENT
Title A PRACTICAL BOOK OF PHARMACEUTICAL QUALITY ASSURANCE -II
260 ## - PUBLICATION, DISTRIBUTION, ETC.
Place of publication, distribution, etc. NEW YORK
Name of publisher, distributor, etc. WILEY INTERSCIENCE PUBLICATION NEW YORK
Date of publication, distribution, etc. 2021
300 ## - PHYSICAL DESCRIPTION
Extent 288
906 ## - LOCAL DATA ELEMENT F, LDF (RLIN)
a 4910

No items available.